Những quy định về hộ khẩu, hộ tịch chứng minh nhân dân

保存先:
書誌詳細
第一著者: Nguyễn Văn Hoàng
フォーマット: 図書
言語:Undetermined
出版事項: H. Lao Động 2002
主題:
タグ: タグ追加
タグなし, このレコードへの初めてのタグを付けませんか!
Thư viện lưu trữ: Trung tâm Học liệu Trường Đại học Cần Thơ
LEADER 00616nam a2200193Ia 4500
001 CTU_53758
008 210402s9999 xx 000 0 und d
020 |b 29000 
082 |a 353.59 
082 |b H407 
100 |a Nguyễn Văn Hoàng 
245 0 |a Những quy định về hộ khẩu, hộ tịch chứng minh nhân dân 
245 0 |c Nguyễn Văn Hoàng 
260 |a H. 
260 |b Lao Động 
260 |c 2002 
650 |a registers of birth, etc.,birth certificates,birth control 
650 |x law and legislation 
980 |a Trung tâm Học liệu Trường Đại học Cần Thơ